| 000 | 01247nam0a22002531 4500 | ||
|---|---|---|---|
| 001 | rc\3347493 | ||
| 005 | 20250609182703.0 | ||
| 021 |
_aRU _b[71-2654] |
||
| 035 | _a(NLR Aleph) 007434463 | ||
| 090 |
_a7050354 _c7050354 |
||
| 100 | _a20130115d1970 |||y0rusy50 ca | ||
| 101 | 0 | _arus | |
| 102 | _aRU | ||
| 105 | _ay z ||||| | ||
| 200 | 1 |
_aТезисы докладов II республиканской конференции молодых ученых, посвященной 100-летию со дня рождения В.И. Ленина _fАН ТССР. Совет молодых ученых. ЦК ЛКСМ Туркменистана. Сектор по работе с науч. молодежью |
|
| 210 |
_aАшхабад _cБ. и. _d1970 |
||
| 215 |
_a233 с. _d20 |
||
| 532 | 1 | 1 | _aТезисы докладов Второй республиканской конференции молодых ученых, посвященной 100-летию со дня рождения В.И. Ленина |
| 710 | 1 | 2 | _aТуркменская респ. конференция молодых ученых (2; 1970; Ашхабад) |
| 801 | 0 |
_aRU _bNLR _gpsbo |
|
| 801 | 1 |
_aRU _bELAR _2rusmarc |
|
| 852 |
_aNLR _j71-3/131 |
||
| 942 | _cBOOK | ||
| 980 | _aNB | ||